Reforma berie obciam peniaze, dôveru občanov a vieru v budúcnosť
Reformy verejnej správy. Snem Združenia miest a obcí Slovenska (ZMOS). Dopad reformy verejnej správy na obce a mestá. Dopad reformy na oblasť školstva. Financovanie škôl a školských zariadení po začatej školskej reforme. Decentralizácia kompetencií bez decentralizácie financií. Fiškálna decentralizá...
Saved in:
| Main Author: | |
|---|---|
| Format: | Book Chapter |
| Language: | Slovak |
| Subjects: | |
| Tags: |
No Tags, Be the first to tag this record!
|
MARC
| LEADER | 00000naa$a2200000$$$4500 | ||
|---|---|---|---|
| 001 | 0008986 | ||
| 005 | 20230926071547.8 | ||
| 041 | 0 | |a slo | |
| 044 | |a SK | ||
| 245 | 1 | 0 | |a Reforma berie obciam peniaze, dôveru občanov a vieru v budúcnosť |c aut. Ivan Polakovič |
| 520 | |a Reformy verejnej správy. Snem Združenia miest a obcí Slovenska (ZMOS). Dopad reformy verejnej správy na obce a mestá. Dopad reformy na oblasť školstva. Financovanie škôl a školských zariadení po začatej školskej reforme. Decentralizácia kompetencií bez decentralizácie financií. Fiškálna decentralizácia a kritérium rozdeľovania financií. Fiškálna decentralizácia a jej regionálny aspekt. Problémy samosprávy pohľadom obcí. Vláda ako partner samosprávy. Zásahy do miestnych poplatkov. Samospráva verzus štát. | ||
| 610 | 2 | 0 | |a samospráva |
| 610 | 2 | 0 | |a správa verejná |
| 610 | 2 | 0 | |a reformy |
| 610 | 2 | 0 | |a decentralizácia |
| 610 | 2 | 0 | |a obce |
| 610 | 2 | 0 | |a mestá |
| 610 | 2 | 0 | |a kompetencie |
| 610 | 2 | 0 | |a Slovensko |
| 100 | 1 | |a Polakovič, Ivan | |